[Event "World Cup U14 Prel"]
[Site "Tornelo INT"]
[Date "2021.08.11"]
[Round "1"]
[White "Kikkas, Daniel"]
[Black "De Lima, Enzo Magalhaes"]
[Result "0-1"]
[WhiteElo "1088"]
[BlackElo "1732"]
[PlyCount "126"]
[EventDate "2021.08.11"]
[EventType "swiss (rapid)"]
[EventRounds "10"]
[EventCountry "NET"]
[SourceTitle "EXT 2025"]
[Source "ChessBase"]
[SourceDate "2024.10.14"]
[SourceVersion "1"]
[SourceVersionDate "2024.10.14"]
[SourceQuality "1"]

1. e4 c5 2. Nf3 a6 3. d4 cxd4 4. Nxd4 Nf6 5. Nc3 e5 6. Nf3 Bb4 7. Bd3 d5 8. exd5 e4 9. 0-0 exd3 10. Re1+ Be7 11. Qxd3 0-0 12. Bf4 Bd6 13. Bxd6 Qxd6 14. Re5 Nbd7 15. Re2 Nc5 16. Qd2 Bg4 17. Rae1 Rfe8 18. Rxe8+ Rxe8 19. Rxe8+ Nxe8 20. Qe3 Nf6 21. h3 Bd7 22. Ne5 Nxd5 23. Nxd5 Qxd5 24. Nxd7 Nxd7 25. Qe8+ Nf8 26. Qb8 b5 27. a3 Qd1+ 28. Kh2 Qxc2 29. Qb6 Qa4 30. f3 a5 31. Qc6 Qb3 32. Qb6 a4 33. Qd4 Qc4 34. Qd2 g6 35. Kg3 Ne6 36. Qd6 Qc7 37. Qxc7 Nxc7 38. Kf4 Kf8 39. Ke5 Ke7 40. g4 f6+ 41. Kd4 Kd6 42. f4 Nd5 43. f5 g5 44. Ke4 Kc5 45. Kd3 Nf4+ 46. Ke3 Nxh3 47. Ke4 Nf4 48. Ke3 Kc4 49. Ke4 Kb3 50. Kd4 Kxb2 51. Kc5 Kxa3 52. Kd6 b4 53. Ke7 Nd5+ 54. Ke6 b3 55. Kxd5 b2 56. Ke6 b1Q 57. Kxf6 h6 58. Kg6 Qe4 59. Kg7 Qxg4 60. f6 Qf5 61. f7 g4 62. Kh8 g3 63. f8Q+ Qxf8+ 0-1

[Event "World Cup U14 Prel"]
[Site "Tornelo INT"]
[Date "2021.08.11"]
[Round "3"]
[White "Kikkas, Daniel"]
[Black "Srinivasan, Hemant"]
[Result "0-1"]
[WhiteElo "1088"]
[BlackElo "1917"]
[PlyCount "64"]
[EventDate "2021.08.11"]
[EventType "swiss (rapid)"]
[EventRounds "10"]
[EventCountry "NET"]
[SourceTitle "EXT 2025"]
[Source "ChessBase"]
[SourceDate "2024.10.14"]
[SourceVersion "1"]
[SourceVersionDate "2024.10.14"]
[SourceQuality "1"]

1. e4 c6 2. d4 d5 3. exd5 cxd5 4. c4 Nf6 5. Nc3 e6 6. Nf3 Bb4 7. Be2 0-0 8. 0-0 Nc6 9. a3 Bxc3 10. bxc3 Ne4 11. Qc2 Qc7 12. cxd5 exd5 13. Bd3 f5 14. c4 Be6 15. Bxe4 fxe4 16. Ng5 Nxd4 17. Nxe6 Nxe6 18. Re1 Rac8 19. Rb1 b6 20. Rb4 Nc5 21. Rd1 Nd3 22. Be3 Nxb4 23. axb4 Qxc4 24. Qxc4 dxc4 25. Rc1 Rfd8 26. Kf1 Rd3 27. Ke2 Rb3 28. Bd2 c3 29. b5 Rb2 30. Ke3 Rxd2 31. Rxc3 Rxc3+ 32. Kxd2 Rb3 0-1

[Event "Kaspersky op U16"]
[Site "Tornelo INT"]
[Date "2021.04.02"]
[Round "8"]
[White "Kovalenko, Aleksandr"]
[Black "Kikkas, Daniel"]
[Result "1-0"]
[WhiteElo "1352"]
[BlackElo "1088"]
[PlyCount "69"]
[EventDate "2021.04.02"]
[EventType "swiss (blitz)"]
[EventRounds "11"]
[EventCountry "RUS"]
[SourceTitle "CBM 201 Extra"]
[Source "ChessBase"]
[SourceDate "2021.05.31"]
[SourceVersion "1"]
[SourceVersionDate "2021.05.31"]
[SourceQuality "1"]

1. c4 e5 2. g3 Nf6 3. Nc3 Nc6 4. Bg2 Bc5 5. e3 0-0 6. Nge2 a6 7. 0-0 d6 8. d4 exd4 9. exd4 Ba7 10. Bg5 h6 11. Bxf6 Qxf6 12. Nd5 Qd8 13. Qd2 Be6 14. Nxc7 Qxc7 15. d5 Bxd5 16. Bxd5 Ne5 17. b3 Rac8 18. Kg2 Rfe8 19. Qf4 Ng6 20. Qg4 Ne5 21. Qh5 Ng6 22. Rae1 Ne5 23. Nf4 Rf8 24. Ng6 Kh7 25. Nxf8+ Rxf8 26. f4 Nd3 27. Qf5+ g6 28. Qxd3 Qc5 29. Re7 Kg8 30. Qxg6+ Kh8 31. Qxh6+ Kg8 32. Qg6+ Kh8 33. Rxf7 Rxf7 34. Qxf7 Qc6 35. Qg8# 1-0

[Event "Kaspersky op U16"]
[Site "Tornelo INT"]
[Date "2021.04.02"]
[Round "9"]
[White "Smerachanski, Mihail"]
[Black "Kikkas, Daniel"]
[Result "1-0"]
[WhiteElo "1212"]
[BlackElo "1088"]
[PlyCount "201"]
[EventDate "2021.04.02"]
[EventType "swiss (blitz)"]
[EventRounds "11"]
[EventCountry "RUS"]
[SourceTitle "CBM 201 Extra"]
[Source "ChessBase"]
[SourceDate "2021.05.31"]
[SourceVersion "1"]
[SourceVersionDate "2021.05.31"]
[SourceQuality "1"]

1. e4 e5 2. Nf3 Nc6 3. Bc4 Nf6 4. Ng5 d5 5. exd5 Na5 6. Bb5+ c6 7. dxc6 bxc6 8. Bd3 Bc5 9. 0-0 0-0 10. Nc3 Re8 11. a3 Bb6 12. Re1 Bg4 13. Nf3 Qd7 14. h3 Bh5 15. Be2 Bxf3 16. Bxf3 Qd4 17. Rf1 e4 18. Be2 Rad8 19. b3 Nd5 20. Bb2 Nf4 21. b4 Nc4 22. Bxc4 Qxc4 23. Qg4 Ng6 24. h4 Qe6 25. Qg3 Rxd2 26. Rac1 h5 27. a4 Qg4 28. Qxg4 hxg4 29. a5 Bc7 30. Rfd1 Red8 31. Rxd2 Rxd2 32. Nxe4 Re2 33. Nc5 Nxh4 34. Bd4 Nf5 35. c3 Nxd4 36. cxd4 Kf8 37. Nd7+ Ke8 38. Nc5 Bf4 39. Rd1 Ke7 40. Nd3 Bd2 41. Kf1 Bxb4 42. Kxe2 Bxa5 43. Ra1 Bb6 44. Nf4 Bxd4 45. Rd1 Bb6 46. f3 g5 47. fxg4 gxf4 48. Kf3 Bc7 49. Re1+ Kf6 50. Ra1 a5 51. Ke4 Ke6 52. Kf3 Kf6 53. Ke4 Ke6 54. Kd3 Kd5 55. Rb1 c5 56. Rb5 Kc6 57. Rb1 Kd5 58. Kd2 Kd4 59. Ke2 c4 60. Kd2 c3+ 61. Kc2 a4 62. Ra1 Ke3 63. Rxa4 Kf2 64. Rc4 Kxg2 65. Rxc7 Kg3 66. Rxc3+ Kxg4 67. Kd2 f3 68. Ke1 f5 69. Kf1 Kg3 70. Rd3 Kf4 71. Rd4+ Kg3 72. Rd3 Kf4 73. Rb3 Kg3 74. Rb5 Kf4 75. Rc5 Ke4 76. Rb5 Kf4 77. Rc5 Kg4 78. Rc4+ Kg3 79. Rc5 Kf4 80. Rc8 Ke4 81. Re8+ Kf4 82. Rf8 Kg4 83. Rf7 Kf4 84. Rf6 Ke5 85. Ra6 Kf4 86. Kf2 Kg4 87. Ra3 f4 88. Rxf3 Kf5 89. Ra3 Ke4 90. Ke2 Kf5 91. Kf3 Kg5 92. Ra4 Kg6 93. Rxf4 Kh5 94. Rf8 Kh6 95. Rg8 Kh7 96. Rg1 Kh6 97. Kf4 Kh5 98. Rg2 Kh6 99. Kf5 Kh7 100. Kf6 Kh6 101. Rh2# 1-0